000 00977nac a22003137a 4500
001 BR7100754
003 BR-BrBNA
005 20240105113419.0
008 230509b bl.|||m| |||| 00| 0 por d
040 _aBR-BrBNA
_bpor
_cBiblioteca Nacional de Agricultura
072 _aP05
090 _aP05 BR7100754
100 1 _aPereira, A.R.
100 1 _aSalati, E.
100 1 _aCervellini, A.
100 1 _aGodoy, C.R.M.
110 1 _aUniversidade de Sao Paulo, Sao Paulo (Brasil). Inst. de Geografia
_910547
245 1 _aRadiacao solar: Distribuicao diaria sem considerar os efeitos da atmosfera [Brasil]
260 3 _aSao Paulo, SP (Brasil):
_c1971.
300 _a21 p.
490 _aCaderno de Ciencias da Terra (Brazil)
_vno. 10
_x
500 _a7 illus.; 11 tables
650 _aRADIACAO SOLAR
650 _aENERGIA SOLAR
650 _aATMOSFERA
650 _aRECURSO ENERGETICO
909 _a202312
_bLúcia Elande
_c55
_dLúcia Elande
942 _2AGRIS
_n0
_cMS
999 _c263588
_d263588